000 00602nam a2200229Ia 4500
003 OSt
005 20221002054336.0
006 a|||||r|||| 00| 0
007 ta
008 220930b |||||||| |||| 00| 0 eng d
024 _a62717
037 _cReference Collections
040 _aCRL
_cCRL
_beng
041 _2eng
_aeng
082 _aS:860R3M3, K7(RR)
100 _aFrankl Viktor E
245 0 _aPsychotherapy and existentialism
260 _c1967
650 _aPSYCHOLOGY
942 _hS:860R3M3, K7(RR)
_cref
_2CC
999 _c924665
_d924665